Last 17 AFL Number 1 Draft Picks - Statistics

General Stats
  • This quiz has been taken 381 times
    344 since last reset
  • The average score is 10 of 18
Answer Stats
Hint Answer % Correct
Essendon (2016) Andrew McGrath
84%
Brisbane (2017) Cam Rayner
82%
Hawthorn (2001) Luke Hodge
75%
Carlton (2015) Jacob Weitering
71%
St Kilda (2014) Paddy McCartin
62%
St Kilda (2000) Nick Riewoldt
60%
Carlton (2005) Marc Murphy
59%
Melbourne (2008) Jack Watts
57%
GWS (2012) Lachie Whitfield
57%
Carlton (2006) Bryce Gibbs
54%
Gold Coast (2010) David Swallow
52%
Melbourne (2009) Tom Scully
51%
GWS (2013) Tom Boyd
50%
Carlton (2007) Matthew Kreuzer
47%
Richmond (2004) Brett Deledio
43%
Western Bulldogs (2003) Adam Cooney
42%
GWS (2011) Jonathon Patton
36%
St Kilda (2002) Brendon Goddard
30%
No matching quizzes found
Score Distribution
Percent of People with Each Score
Percentile by Number Answered
Your Score History
You have not taken this quiz since the last reset